000 00715nam a22001937a 4500
003 BUBTL
008 191111b xxu||||| |||| 00| 0 eng d
020 _a978-984-33-6075-5
082 _a346 / AKC
100 _92449
_aমোঃ আখতারুজ্জামান
245 _aচেক ডিস্‌অনার ও মামলা দায়ের সংক্রান্ত আইন
_cমোঃ আখতারুজ্জামান
250 _a3rd ed.
260 _aঢাকা :
_bআলিফ প্রকাশনী,
_cc2016.
300 _axvi, 291 p. :
_c24 cm.
650 0 _926
_aLaw
856 _k0
_l0
_yDownload
942 _2ddc
_cBK
999 _c6146
_d6146